<?xml version="1.0" encoding="UTF-8"?>
<record
    xmlns:xsi="http://www.w3.org/2001/XMLSchema-instance"
    xsi:schemaLocation="http://www.loc.gov/MARC21/slim http://www.loc.gov/standards/marcxml/schema/MARC21slim.xsd"
    xmlns="http://www.loc.gov/MARC21/slim">

  <leader>00471nam a22001817a 4500</leader>
  <datafield tag="999" ind1=" " ind2=" ">
    <subfield code="c">11858</subfield>
    <subfield code="d">11858</subfield>
  </datafield>
  <controlfield tag="008">210119b       2003    ||||| |||| 00| 0 eng d</controlfield>
  <datafield tag="082" ind1=" " ind2=" ">
    <subfield code="a">623.893</subfield>
    <subfield code="b">BHA</subfield>
  </datafield>
  <datafield tag="100" ind1=" " ind2=" ">
    <subfield code="a">Bhatia, A. G.</subfield>
  </datafield>
  <datafield tag="245" ind1=" " ind2=" ">
    <subfield code="a">Modern electronic navigation aids</subfield>
  </datafield>
  <datafield tag="250" ind1=" " ind2=" ">
    <subfield code="a">6th</subfield>
  </datafield>
  <datafield tag="260" ind1=" " ind2=" ">
    <subfield code="a">Mumbai</subfield>
    <subfield code="b">Lata publications</subfield>
    <subfield code="c">2003</subfield>
  </datafield>
  <datafield tag="300" ind1=" " ind2=" ">
    <subfield code="a">180p.</subfield>
  </datafield>
  <datafield tag="650" ind1=" " ind2=" ">
    <subfield code="a">Global positioning systems</subfield>
  </datafield>
  <datafield tag="650" ind1=" " ind2=" ">
    <subfield code="a">Echo sounder</subfield>
  </datafield>
  <datafield tag="650" ind1=" " ind2=" ">
    <subfield code="a">Doppler log</subfield>
  </datafield>
  <datafield tag="700" ind1=" " ind2=" ">
    <subfield code="a">Sinha, S. K. </subfield>
    <subfield code="e">Co-author</subfield>
  </datafield>
  <datafield tag="942" ind1=" " ind2=" ">
    <subfield code="c">BK</subfield>
  </datafield>
  <datafield tag="952" ind1=" " ind2=" ">
    <subfield code="0">0</subfield>
    <subfield code="1">0</subfield>
    <subfield code="2">ddc</subfield>
    <subfield code="4">0</subfield>
    <subfield code="6">623_893000000000000_BHA</subfield>
    <subfield code="7">0</subfield>
    <subfield code="8">NFIC</subfield>
    <subfield code="9">14126</subfield>
    <subfield code="a">MU</subfield>
    <subfield code="b">MU</subfield>
    <subfield code="c">GEN</subfield>
    <subfield code="d">2021-01-19</subfield>
    <subfield code="o">623.893 BHA</subfield>
    <subfield code="p">LBS13091</subfield>
    <subfield code="r">2025-03-17</subfield>
    <subfield code="y">BK</subfield>
    <subfield code="z">Column - 16</subfield>
  </datafield>
  <datafield tag="952" ind1=" " ind2=" ">
    <subfield code="0">0</subfield>
    <subfield code="1">0</subfield>
    <subfield code="2">ddc</subfield>
    <subfield code="4">0</subfield>
    <subfield code="6">623_893000000000000_BHA</subfield>
    <subfield code="7">0</subfield>
    <subfield code="8">NFIC</subfield>
    <subfield code="9">14144</subfield>
    <subfield code="a">MU</subfield>
    <subfield code="b">MU</subfield>
    <subfield code="c">GEN</subfield>
    <subfield code="d">2021-01-19</subfield>
    <subfield code="l">3</subfield>
    <subfield code="m">2</subfield>
    <subfield code="o">623.893 BHA</subfield>
    <subfield code="p">MPCG0020</subfield>
    <subfield code="r">2025-12-17</subfield>
    <subfield code="s">2025-12-04</subfield>
    <subfield code="y">BK</subfield>
    <subfield code="z">Column - 16</subfield>
  </datafield>
  <datafield tag="952" ind1=" " ind2=" ">
    <subfield code="0">0</subfield>
    <subfield code="1">0</subfield>
    <subfield code="2">ddc</subfield>
    <subfield code="4">0</subfield>
    <subfield code="6">623_893000000000000_BHA</subfield>
    <subfield code="7">0</subfield>
    <subfield code="8">NFIC</subfield>
    <subfield code="9">14145</subfield>
    <subfield code="a">MU</subfield>
    <subfield code="b">MU</subfield>
    <subfield code="c">GEN</subfield>
    <subfield code="d">2021-01-19</subfield>
    <subfield code="l">7</subfield>
    <subfield code="m">2</subfield>
    <subfield code="o">623.893 BHA</subfield>
    <subfield code="p">MPC5953</subfield>
    <subfield code="r">2026-03-13</subfield>
    <subfield code="s">2026-02-09</subfield>
    <subfield code="y">BK</subfield>
    <subfield code="z">Column - 16</subfield>
  </datafield>
  <datafield tag="952" ind1=" " ind2=" ">
    <subfield code="0">0</subfield>
    <subfield code="1">0</subfield>
    <subfield code="2">ddc</subfield>
    <subfield code="4">0</subfield>
    <subfield code="6">623_893000000000000_BHA</subfield>
    <subfield code="7">0</subfield>
    <subfield code="8">NFIC</subfield>
    <subfield code="9">14146</subfield>
    <subfield code="a">MU</subfield>
    <subfield code="b">MU</subfield>
    <subfield code="c">GEN</subfield>
    <subfield code="d">2021-01-19</subfield>
    <subfield code="o">623.893 BHA</subfield>
    <subfield code="p">LBSD1789</subfield>
    <subfield code="r">2025-03-17</subfield>
    <subfield code="y">BK</subfield>
    <subfield code="z">Column - 16</subfield>
  </datafield>
  <datafield tag="952" ind1=" " ind2=" ">
    <subfield code="0">0</subfield>
    <subfield code="1">0</subfield>
    <subfield code="2">ddc</subfield>
    <subfield code="4">0</subfield>
    <subfield code="6">623_893000000000000_BHA</subfield>
    <subfield code="7">0</subfield>
    <subfield code="8">NFIC</subfield>
    <subfield code="9">14147</subfield>
    <subfield code="a">MU</subfield>
    <subfield code="b">MU</subfield>
    <subfield code="c">GEN</subfield>
    <subfield code="d">2021-01-19</subfield>
    <subfield code="o">623.893 BHA</subfield>
    <subfield code="p">MPCBB359</subfield>
    <subfield code="r">2021-02-12</subfield>
    <subfield code="y">BK</subfield>
    <subfield code="z">Column - 16</subfield>
  </datafield>
  <datafield tag="952" ind1=" " ind2=" ">
    <subfield code="0">0</subfield>
    <subfield code="1">0</subfield>
    <subfield code="2">ddc</subfield>
    <subfield code="4">0</subfield>
    <subfield code="6">623_893000000000000_BHA</subfield>
    <subfield code="7">0</subfield>
    <subfield code="8">NFIC</subfield>
    <subfield code="9">14148</subfield>
    <subfield code="a">MU</subfield>
    <subfield code="b">MU</subfield>
    <subfield code="c">GEN</subfield>
    <subfield code="d">2021-01-19</subfield>
    <subfield code="l">11</subfield>
    <subfield code="m">5</subfield>
    <subfield code="o">623.893 BHA</subfield>
    <subfield code="p">MPC5951</subfield>
    <subfield code="q">2026-07-13</subfield>
    <subfield code="r">2026-06-22</subfield>
    <subfield code="s">2026-06-22</subfield>
    <subfield code="y">BK</subfield>
    <subfield code="z">Column - 16</subfield>
  </datafield>
  <datafield tag="952" ind1=" " ind2=" ">
    <subfield code="0">0</subfield>
    <subfield code="1">0</subfield>
    <subfield code="2">ddc</subfield>
    <subfield code="4">0</subfield>
    <subfield code="6">623_893000000000000_BHA</subfield>
    <subfield code="7">0</subfield>
    <subfield code="8">NFIC</subfield>
    <subfield code="9">14149</subfield>
    <subfield code="a">MU</subfield>
    <subfield code="b">MU</subfield>
    <subfield code="c">GEN</subfield>
    <subfield code="d">2021-01-19</subfield>
    <subfield code="l">1</subfield>
    <subfield code="o">623.893 BHA</subfield>
    <subfield code="p">MPC4061</subfield>
    <subfield code="r">2026-03-20</subfield>
    <subfield code="s">2026-02-26</subfield>
    <subfield code="y">BK</subfield>
    <subfield code="z">Column - 16</subfield>
  </datafield>
  <datafield tag="952" ind1=" " ind2=" ">
    <subfield code="0">0</subfield>
    <subfield code="1">0</subfield>
    <subfield code="2">ddc</subfield>
    <subfield code="4">0</subfield>
    <subfield code="6">623_893000000000000_BHA</subfield>
    <subfield code="7">0</subfield>
    <subfield code="8">NFIC</subfield>
    <subfield code="9">14150</subfield>
    <subfield code="a">MU</subfield>
    <subfield code="b">MU</subfield>
    <subfield code="c">GEN</subfield>
    <subfield code="d">2021-01-19</subfield>
    <subfield code="l">8</subfield>
    <subfield code="m">1</subfield>
    <subfield code="o">623.893 BHA</subfield>
    <subfield code="p">MPCBB357</subfield>
    <subfield code="r">2025-08-20</subfield>
    <subfield code="s">2025-07-18</subfield>
    <subfield code="y">BK</subfield>
    <subfield code="z">Column - 16</subfield>
  </datafield>
  <datafield tag="952" ind1=" " ind2=" ">
    <subfield code="0">0</subfield>
    <subfield code="1">0</subfield>
    <subfield code="2">ddc</subfield>
    <subfield code="4">0</subfield>
    <subfield code="6">623_893000000000000_BHA</subfield>
    <subfield code="7">0</subfield>
    <subfield code="8">NFIC</subfield>
    <subfield code="9">14676</subfield>
    <subfield code="a">MU</subfield>
    <subfield code="b">MU</subfield>
    <subfield code="c">GEN</subfield>
    <subfield code="d">2022-03-16</subfield>
    <subfield code="l">8</subfield>
    <subfield code="m">5</subfield>
    <subfield code="o">623.893 BHA</subfield>
    <subfield code="p">MPC5952</subfield>
    <subfield code="r">2025-10-24</subfield>
    <subfield code="s">2025-09-10</subfield>
    <subfield code="y">BK</subfield>
    <subfield code="z">Column-16</subfield>
  </datafield>
</record>
